| 000 | 00801cam a22002654a 4500 | ||
|---|---|---|---|
| 001 | 3586 | ||
| 005 | 20241024095950.0 | ||
| 020 | _a9780516235950 | ||
| 040 |
_aDLC _cDLC _dDLC _beng |
||
| 050 | 0 | 0 | _aQA40.A52 |
| 082 | 0 | 0 | _a510 |
| 100 | 1 | _aAmato, William | |
| 245 | 1 | 0 |
_aMath at the store / _cby William Amato |
| 260 |
_aNew York : _bChildren's Press, _c2002 |
||
| 300 |
_a24 pages : _bcolor illustrations ; _c16 cm . |
||
| 490 | _a Welcome Books: Math in My World | ||
| 505 | _aF | ||
| 520 | _aSimple text and pictures show how math can be used in buying food at the store. | ||
| 521 |
_a310
_bLexile |
||
| 521 |
_aF
_bRaz-Plus |
||
| 650 | 0 |
_aMathematics _vJuvenile literature |
|
| 650 | 1 | _aMathematics | |
| 906 |
_a7 _bcbc _corignew _d1 _eocip _f20 _gy-gencatlg |
||
| 942 |
_2ddc _cBK _n0 |
||
| 999 |
_c3586 _d3586 |
||